| 000 | 00679nam a2200193Ia 4500 | ||
|---|---|---|---|
| 003 | GCL | ||
| 008 | 140319s9999 xx 000 0 ara d | ||
| 040 |
_aGCL / _cGCL |
||
| 082 | 0 | 4 |
_aق _b328.3 _bم م |
| 100 | 1 | _aمحمود متولى | |
| 245 | 1 | 0 |
_aمصر والحياة الحزبية والنيابية قبل سنة 1952 : دراسة تاريخية وثائقية / _cمحمود متولى |
| 300 | _a585 ص | ||
| 490 | _a | ||
| 650 | 0 | 4 | _aالاحزاب السياسية |
| 650 | 0 | 4 | _aالهيئات التشريعية |
| 650 | 0 | 4 | _aمصر - الاحوال السياسية |
| 650 | 0 | 4 | _aمصر - تاريخ - العصر الحديث (1805 - 1956 ) |
| 942 |
_2ddc _cBK |
||
| 999 |
_c39351 _d39351 |
||